[Event "Garesnica op"]
[Site "Garesnica"]
[Date "2023.06.10"]
[Round "6"]
[White "Vidovic, Mario"]
[Black "Turicar, Goran"]
[Result "1-0"]
[WhiteElo "2163"]
[BlackElo "1755"]
[PlyCount "109"]
[EventDate "2023.06.08"]
[EventType "swiss"]
[EventRounds "7"]
[EventCountry "CRO"]
[SourceTitle "CBM 214 Extra"]
[Source "ChessBase"]
[SourceDate "2023.07.31"]
[SourceVersion "1"]
[SourceVersionDate "2023.07.31"]
[SourceQuality "1"]

1. Nf3 c5 2. e4 e6 3. c3 a6 4. d4 cxd4 5. cxd4 Nf6 6. Nc3 Bb4 7. Bd3 d5 8. e5 Ne4 9. Qc2 Qc7 10. Bxe4 dxe4 11. Ng5 Bxc3+ 12. Qxc3 Nc6 13. Nxe4 0-0 14. 0-0 Qd7 15. Be3 Ne7 16. Qc5 Nd5 17. Rac1 b6 18. Qd6 Qxd6 19. Nxd6 a5 20. Bd2 Ba6 21. Rfe1 Rfd8 22. Rc6 h6 23. f4 Bd3 24. g4 b5 25. Nb7 Rdc8 26. Rxc8+ Rxc8 27. Nc5 Bg6 28. Rf1 a4 29. f5 exf5 30. gxf5 Bh5 31. a3 Ne7 32. f6 Ng6 33. Be3 Be2 34. Rf2 Bc4 35. fxg7 Kxg7 36. Rf6 Re8 37. Rb6 h5 38. Bg5 Nf8 39. Bh6+ Kg8 40. Bxf8 Rxf8 41. Kf2 Kg7 42. Ne4 h4 43. Ke3 h3 44. Nd6 Bf1 45. Nf5+ Kg8 46. Rf6 Bc4 47. d5 Rd8 48. d6 Be6 49. Nd4 Bd7 50. Nf5 Be6 51. Kf4 Rb8 52. Ne7+ Kg7 53. Nc6 Rc8 54. Rxe6 fxe6 55. d7 1-0

[Event "Krk Golden Island op"]
[Site "Malinska"]
[Date "2020.11.06"]
[Round "2"]
[White "Vidovic, Mario"]
[Black "Lohia, Sohum"]
[Result "1-0"]
[WhiteElo "2225"]
[BlackElo "1993"]
[PlyCount "90"]
[EventDate "2020.11.05"]
[EventType "swiss"]
[EventRounds "5"]
[EventCountry "CRO"]
[SourceTitle "CBM 199 Extra"]
[Source "ChessBase"]
[SourceDate "2021.01.31"]
[SourceVersion "1"]
[SourceVersionDate "2021.01.31"]
[SourceQuality "1"]

1. Nf3 Nf6 2. d4 b6 3. Bf4 Bb7 4. e3 g6 5. h3 Bg7 6. Be2 0-0 7. 0-0 d6 8. c3 Nbd7 9. Nbd2 Qe8 10. a4 a5 11. Bb5 c6 12. Be2 e5 13. Bh2 e4 14. Bxd6 exf3 15. Bxf3 Qe6 16. Bxf8 Bxf8 17. Qb3 Qxb3 18. Nxb3 Re8 19. Nd2 Ba6 20. Rfe1 c5 21. g3 Bd6 22. Kg2 Kf8 23. Rad1 Bd3 24. Rc1 Ne4 25. Nxe4 Bxe4 26. Bxe4 Rxe4 27. f3 Re8 28. e4 h5 29. f4 c4 30. Kf3 f5 31. exf5 gxf5 32. Rxe8+ Kxe8 33. g4 h4 34. gxf5 Nf6 35. Re1+ Kd7 36. Re6 Nd5 37. Ke4 Ne7 38. Rh6 Ng8 39. Rg6 Ne7 40. Rg7 Kc6 41. f6 Nd5 42. f7 Nxf4 43. Rg8 Nd3 44. Rg6 Nf2+ 45. Kf3 Kd5 1-0

[Event "CRO Cup"]
[Site "Mali Losinj"]
[Date "2017.05.10"]
[Round "1.8"]
[White "Vidovic, Mario"]
[Black "Zovko, Mario"]
[Result "1/2-1/2"]
[WhiteElo "2242"]
[BlackElo "2325"]
[PlyCount "38"]
[EventDate "2017.05.10"]
[EventType "team-swiss"]
[EventRounds "6"]
[EventCountry "CRO"]
[SourceTitle "CBM 178 Extra"]
[Source "ChessBase"]
[SourceDate "2017.06.22"]
[SourceVersion "1"]
[SourceVersionDate "2017.06.22"]
[SourceQuality "1"]
[WhiteTeam "Cakovec Strahininec"]
[BlackTeam "Vukovar"]
[WhiteTeamCountry "CRO"]
[BlackTeamCountry "CRO"]

1. e4 e6 2. d4 d5 3. exd5 exd5 4. Nf3 Nf6 5. Bd3 Bd6 6. Qe2+ Qe7 7. Qxe7+ Kxe7 8. c3 Re8 9. 0-0 h6 10. Re1+ Kf8 11. Rxe8+ Kxe8 12. Nbd2 Be6 13. h3 Nbd7 14. Nf1 c6 15. Be3 Nf8 16. Ng3 Bxg3 17. fxg3 Ne4 18. Kh2 f6 19. Nd2 Nxd2 1/2-1/2

[Event "CRO-chT3B Center North"]
[Site "Croatia"]
[Date "2016.05.08"]
[Round "5.3"]
[White "Vidovic, Mario"]
[Black "Makovec, Bruno"]
[Result "1/2-1/2"]
[WhiteElo "2223"]
[BlackElo "2242"]
[PlyCount "35"]
[EventDate "2016.04.03"]
[EventType "team-tourn"]
[EventRounds "9"]
[EventCountry "CRO"]
[SourceTitle "EXT 2019"]
[Source "ChessBase"]
[SourceDate "2018.10.10"]
[SourceVersion "1"]
[SourceVersionDate "2018.10.10"]
[SourceQuality "1"]

1. d4 Nf6 2. Bf4 e6 3. e3 c5 4. c3 Be7 5. Nd2 0-0 6. h3 b6 7. Ngf3 Bb7 8. Be2 cxd4 9. exd4 d6 10. 0-0 Nbd7 11. Re1 Re8 12. a4 a6 13. Bh2 Qc7 14. Bc4 Nf8 15. Qe2 Nd5 16. Rac1 Ng6 17. Bxd5 Bxd5 18. c4 1/2-1/2

[Event "CRO-chT3B Center North"]
[Site "Croatia"]
[Date "2016.04.24"]
[Round "4.3"]
[White "Zugaj, Fjodor"]
[Black "Vidovic, Mario"]
[Result "1/2-1/2"]
[WhiteElo "2155"]
[BlackElo "2223"]
[PlyCount "21"]
[EventDate "2016.04.03"]
[EventType "team-tourn"]
[EventRounds "9"]
[EventCountry "CRO"]
[SourceTitle "EXT 2019"]
[Source "ChessBase"]
[SourceDate "2018.10.10"]
[SourceVersion "1"]
[SourceVersionDate "2018.10.10"]
[SourceQuality "1"]

1. Nf3 f5 2. c4 Nf6 3. Nc3 e6 4. g3 d5 5. Bg2 c6 6. d4 Bd6 7. Qb3 0-0 8. Bf4 Qe7 9. 0-0 Bxf4 10. gxf4 Nbd7 11. e3 1/2-1/2

[Event "CRO-chT3B Center North"]
[Site "Croatia"]
[Date "2013.10.20"]
[Round "8.3"]
[White "Vidovic, Mario"]
[Black "Hajec, Bozidar"]
[Result "1-0"]
[WhiteElo "2234"]
[BlackElo "1772"]
[PlyCount "59"]
[EventDate "2013.04.14"]
[EventType "team-tourn"]
[EventRounds "9"]
[EventCountry "CRO"]
[SourceTitle "EXT 2019"]
[Source "ChessBase"]
[SourceDate "2018.10.10"]
[SourceVersion "1"]
[SourceVersionDate "2018.10.10"]
[SourceQuality "1"]

1. e4 c5 2. Nf3 d6 3. Bb5+ Bd7 4. Bxd7+ Qxd7 5. 0-0 Nf6 6. Qe2 Nc6 7. c3 e6 8. d4 cxd4 9. Bg5 Be7 10. cxd4 0-0 11. Nc3 a6 12. Rfd1 Qe8 13. Rac1 Nd7 14. Bf4 Rc8 15. Bg3 Ncb8 16. Rc2 f6 17. Rdc1 Nb6 18. b3 Qd7 19. Qe3 Na8 20. d5 b6 21. dxe6 Qxe6 22. Nd4 Qd7 23. Nd5 Rxc2 24. Rxc2 Re8 25. Qc3 Qb7 26. f3 Bf8 27. Nf4 Rd8 28. h4 Qf7 29. a4 g6 30. Nfe6 1-0

[Event "CRO-chT3B Center North"]
[Site "Croatia"]
[Date "2013.10.13"]
[Round "7.3"]
[White "Novak, Ivan2222"]
[Black "Vidovic, Mario"]
[Result "0-1"]
[WhiteElo "2147"]
[BlackElo "2234"]
[PlyCount "80"]
[EventDate "2013.04.14"]
[EventType "team-tourn"]
[EventRounds "9"]
[EventCountry "CRO"]
[SourceTitle "EXT 2019"]
[Source "ChessBase"]
[SourceDate "2018.10.10"]
[SourceVersion "1"]
[SourceVersionDate "2018.10.10"]
[SourceQuality "1"]

1. Nf3 f5 2. d4 g6 3. c4 Bg7 4. Nc3 Nh6 5. Bf4 Nf7 6. Qd2 d6 7. e4 0-0 8. Ng5 c6 9. Nxf7 Rxf7 10. Bh6 Na6 11. Bxg7 Kxg7 12. 0-0-0 Qa5 13. a3 fxe4 14. Nxe4 Qxd2+ 15. Rxd2 Bf5 16. Nc3 Nc7 17. f3 Rb8 18. Bd3 Bxd3 19. Rxd3 b5 20. cxb5 cxb5 21. Ne4 b4 22. Re1 h6 23. Re2 Nd5 24. Rc2 Rff8 25. Rc4 Nf4 26. Rb3 d5 27. Rc7 dxe4 28. Rxe7+ Rf7 29. Rxe4 Nxg2 30. axb4 Nf4 31. Kd2 Nd5 32. b5 Rfb7 33. Ra3 Rd7 34. Ra5 Nf6 35. Re6 Rxd4+ 36. Kc3 Rd7 37. Raa6 Nd5+ 38. Kc4 Nb6+ 39. Kc5 Rd5+ 40. Kc6 Rc8+ 0-1

[Event "CRO-chT2 Center"]
[Site "Zagreb"]
[Date "2012.04.01"]
[Round "6.14"]
[White "Vidovic, Mario"]
[Black "Mihalinec, Damir"]
[Result "1-0"]
[WhiteElo "2236"]
[BlackElo "2179"]
[PlyCount "146"]
[EventDate "2012.03.18"]
[EventType "team-swiss"]
[EventRounds "11"]
[EventCountry "CRO"]
[SourceTitle "EXT 2014"]
[Source "ChessBase"]
[SourceDate "2013.11.20"]
[SourceVersion "1"]
[SourceVersionDate "2013.11.20"]
[SourceQuality "1"]

1. e4 c5 2. Nf3 d6 3. Bb5+ Nd7 4. d4 cxd4 5. Qxd4 a6 6. Bxd7+ Bxd7 7. Bg5 Nf6 8. Nc3 h6 9. Bxf6 exf6 10. 0-0-0 Be6 11. Rhe1 Be7 12. Nh4 0-0 13. Nf5 Re8 14. Nxe7+ Rxe7 15. Qxd6 Rd7 16. Qb4 Rc8 17. Rxd7 Qxd7 18. Rd1 Qc7 19. g3 Bxa2 20. f4 Bc4 21. Rd2 Kh7 22. Kb1 b5 23. Nd1 Re8 24. b3 Be6 25. Kb2 Qb7 26. Nc3 Bd7 27. Rd4 Bc6 28. Qc5 a5 29. Rd6 Rc8 30. Qf5+ Kg8 31. Nd5 Bxd5 32. exd5 a4 33. Qd7 Qa8 34. Rc6 Rd8 35. Qf5 axb3 36. Kxb3 g6 37. Qxf6 Rxd5 38. Ra6 Qe8 39. Qc6 Qe4 40. Ra8+ Kh7 41. Qc3 Rd4 42. Re8 Qd5+ 43. Kb2 Qd6 44. Kb3 b4 45. Qc8 Qf6 46. Qc5 Rd1 47. Qe5 Qxe5 48. Rxe5 Rd2 49. Rc5 Rxh2 50. Kxb4 Rh3 51. Rc3 h5 52. Kc4 h4 53. gxh4 Rxh4 54. Rf3 g5 55. Kd5 g4 56. Rf1 Kg6 57. c4 Kf5 58. c5 Rh2 59. c6 Rd2+ 60. Kc5 Rc2+ 61. Kd6 g3 62. c7 Kg4 63. Kd7 g2 64. Rg1 Kxf4 65. Rxg2 Rxc7+ 66. Kxc7 Kf3 67. Rg5 Ke4 68. Kd6 f5 69. Ke6 f4 70. Re5+ Kf3 71. Kf5 Kg3 72. Ke4 f3 73. Rg5+ Kh3 1-0

[Event "CRO-chT2 Center"]
[Site "Zagreb"]
[Date "2012.03.25"]
[Round "3.55"]
[White "Matko, Ognjen"]
[Black "Vidovic, Mario"]
[Result "1/2-1/2"]
[WhiteElo "2262"]
[BlackElo "2236"]
[PlyCount "77"]
[EventDate "2012.03.18"]
[EventType "team-swiss"]
[EventRounds "11"]
[EventCountry "CRO"]
[SourceTitle "EXT 2014"]
[Source "ChessBase"]
[SourceDate "2013.11.20"]
[SourceVersion "1"]
[SourceVersionDate "2013.11.20"]
[SourceQuality "1"]

1. e4 c6 2. d4 d5 3. exd5 cxd5 4. c4 Nf6 5. Nc3 Nc6 6. Nf3 Be6 7. c5 Ne4 8. Bd3 Qa5 9. Qb3 Nb4 10. Bb1 b6 11. cxb6 axb6 12. 0-0 g6 13. Bf4 Bg7 14. a3 Nc6 15. Nb5 0-0 16. Nc7 Qa4 17. Qa2 Nxd4 18. Nxd4 Qxd4 19. Bxe4 Qxe4 20. Bg3 Rac8 21. Rae1 Qf5 22. Qb3 Bd4 23. Re2 Rfd8 24. Rfe1 Rd7 25. Nxe6 fxe6 26. Qa4 e5 27. Bxe5 Bxe5 28. Qa6 Rf8 29. Rxe5 Qxf2+ 30. Kh1 Qxb2 31. h3 Qd4 32. Qb5 Rd6 33. Rxe7 Rdf6 34. Qe2 R6f7 35. Rxf7 Rxf7 36. Rd1 Qe4 37. Qb5 Rf2 38. Qxd5+ Qxd5 39. Rxd5 1/2-1/2

[Event "CRO-Cup 20th"]
[Site "Sibenik"]
[Date "2011.05.22"]
[Round "6.73"]
[White "Vidovic, Mario"]
[Black "Florjan, Mladen"]
[Result "1-0"]
[WhiteElo "2224"]
[BlackElo "2011"]
[PlyCount "96"]
[EventDate "2011.05.18"]
[EventType "team-swiss"]
[EventRounds "6"]
[EventCountry "CRO"]
[SourceTitle "CBM 142 Extra"]
[Source "ChessBase"]
[SourceDate "2011.06.27"]
[SourceVersion "1"]
[SourceVersionDate "2011.06.27"]
[SourceQuality "1"]
[WhiteTeam "Strigova Stridon"]
[BlackTeam "Varazdin"]
[WhiteTeamCountry "CRO"]
[BlackTeamCountry "CRO"]

1. e4 d5 2. exd5 Qxd5 3. Nc3 Qd6 4. d4 Nf6 5. Nf3 a6 6. g3 b5 7. Bg2 Bb7 8. Bf4 Qb6 9. 0-0 e6 10. a4 Nd5 11. a5 Qa7 12. Nxd5 Bxd5 13. b3 b4 14. Ne5 Bxg2 15. Kxg2 Qb7+ 16. Qf3 Qxf3+ 17. Kxf3 Bd6 18. Rfd1 f6 19. Nd3 Nc6 20. Bxd6 cxd6 21. d5 Ne5+ 22. Nxe5 fxe5 23. dxe6 Ke7 24. Ke4 Kxe6 25. f4 exf4 26. gxf4 Rac8 27. Ra4 Rxc2 28. Rxb4 Rhc8 29. Rb6 R8c6 30. f5+ Ke7 31. Rd4 R2c3 32. Rxc6 Rxc6 33. Rc4 Kd7 34. Kd5 Rxc4 35. bxc4 g5 36. fxg6 hxg6 37. c5 dxc5 38. Kxc5 Ke7 39. Kd5 Kd7 40. h4 Ke7 41. Kc6 Ke6 42. Kb6 Kd6 43. Kxa6 Kc6 44. Ka7 Kc7 45. a6 Kc8 46. Kb6 Kb8 47. Kc6 Ka7 48. Kd6 Kxa6 1-0

[Event "CRO-Cup 20th"]
[Site "Sibenik"]
[Date "2011.05.21"]
[Round "5.63"]
[White "Vidovic, Mario"]
[Black "Vlaic, Branko"]
[Result "1/2-1/2"]
[WhiteElo "2224"]
[BlackElo "2265"]
[PlyCount "60"]
[EventDate "2011.05.18"]
[EventType "team-swiss"]
[EventRounds "6"]
[EventCountry "CRO"]
[SourceTitle "CBM 142 Extra"]
[Source "ChessBase"]
[SourceDate "2011.06.27"]
[SourceVersion "1"]
[SourceVersionDate "2011.06.27"]
[SourceQuality "1"]
[WhiteTeam "Strigova Stridon"]
[BlackTeam "Sibenik"]
[WhiteTeamCountry "CRO"]
[BlackTeamCountry "CRO"]

1. e4 e6 2. d4 d5 3. e5 c5 4. c3 Qb6 5. a3 Nc6 6. Nf3 f6 7. b4 fxe5 8. dxe5 c4 9. Bf4 Nh6 10. Nbd2 Nf7 11. h4 a5 12. g3 Qc7 13. b5 Ncd8 14. a4 Bc5 15. Bh3 0-0 16. 0-0 b6 17. Qe2 Ra7 18. Rfd1 Kh8 19. Nf1 Qe7 20. Ne3 Bd7 21. Ng4 Be8 22. Kg2 Rg8 23. Rh1 Qf8 24. Qd2 h5 25. Ne3 Nh6 26. Nd4 Bxd4 27. Qxd4 Rb7 28. Bg5 Nhf7 29. Bf4 Nh6 30. Bg5 Nhf7 1/2-1/2

[Event "CRO-Cup 19th"]
[Site "Sibenik"]
[Date "2010.05.19"]
[Round "1"]
[White "Vidovic, Mario"]
[Black "Mesko, Andrej"]
[Result "1-0"]
[WhiteElo "2200"]
[BlackElo "2030"]
[PlyCount "63"]
[EventDate "2010.05.19"]
[EventType "team-tourn"]
[EventRounds "6"]
[EventCountry "CRO"]
[SourceTitle "CBM 136 Extra"]
[Source "ChessBase"]
[SourceDate "2010.07.02"]
[SourceVersion "2"]
[SourceVersionDate "2010.07.15"]
[SourceQuality "1"]

1. e4 e6 2. d4 d5 3. e5 c5 4. c3 Nc6 5. Be3 Qb6 6. Qd2 cxd4 7. cxd4 Bb4 8. Nc3 Bd7 9. Nf3 Nge7 10. Bd3 0-0 11. 0-0 Rac8 12. Rac1 Na5 13. Qc2 Ng6 14. h4 Nc4 15. Ng5 Nxb2 16. Nxd5 exd5 17. Qxb2 h6 18. e6 hxg5 19. exd7 Rcd8 20. Rb1 Ba5 21. Qa3 Qc7 22. Bxg6 fxg6 23. Rfc1 Qxd7 24. Qxa5 b6 25. Qd2 gxh4 26. Qd1 Qf5 27. Qc2 Qg4 28. Qd1 Qf5 29. Qf3 Qxf3 30. gxf3 Rxf3 31. Kg2 Rf5 32. Rc6 1-0